000 00366nam a2200121Ia 4500
005 20260328101451.0
008 260328s9999||||xx |||||||||||||| ||und||
100 _aBrayer, Ange Marie
245 0 _aArchilab's Earth Buildings :
_b Radical experiments in land Architecture /
_cAnge Marie Brayer
260 _bThames & Hudson
650 _aARQUITECTURA CIVIL
942 _cBK
999 _c8653
_d8653